[Event "Verbandsliga Mittelrhein-Ost 1213"]
[Site "Germany"]
[Date "2013.01.13"]
[Round "6.6"]
[White "Axmann, Michael"]
[Black "Simons, Peter"]
[Result "1/2-1/2"]
[WhiteElo "1727"]
[BlackElo "1938"]
[PlyCount "51"]
[EventDate "2012.09.09"]
[EventType "team"]
[EventRounds "11"]
[EventCountry "GER"]
[SourceTitle "EXT 2015"]
[Source "ChessBase"]
[SourceDate "2014.11.20"]
[SourceVersion "1"]
[SourceVersionDate "2014.11.20"]
[SourceQuality "1"]
[WhiteTeam "Bayer Leverkusen II"]
[BlackTeam "Rheinbacher SF"]
[WhiteTeamCountry "GER"]
[BlackTeamCountry "GER"]

1. d4 Nf6 2. Nf3 d5 3. c4 dxc4 4. Nc3 a6 5. a4 Bg4 6. e3 e6 7. Bxc4 c5 8. 0-0 Nc6 9. Be2 Qc7 10. h3 h5 11. Qc2 Rd8 12. Rd1 Bf5 13. e4 Bg6 14. Be3 cxd4 15. Bxd4 Nxd4 16. Nxd4 Nxe4 17. Qb3 Nxc3 18. bxc3 Be7 19. Bf3 e5 20. Nc2 Rxd1+ 21. Rxd1 Bc5 22. Rd2 b6 23. Nb4 Bxb4 24. Qxb4 Rh6 25. Qh4 e4 26. Be2 1/2-1/2

[Event "Leverkusen-ch op"]
[Site "Leverkusen"]
[Date "2010.03.22"]
[Round "5"]
[White "Stuch, Hans Ferdinand"]
[Black "Axmann, Michael"]
[Result "1/2-1/2"]
[WhiteElo "1563"]
[BlackElo "1675"]
[PlyCount "75"]
[EventDate "2010.01.18"]
[EventType "swiss"]
[EventRounds "7"]
[EventCountry "GER"]
[SourceTitle "EXT 2011"]
[Source "ChessBase"]
[SourceDate "2010.11.26"]
[SourceVersion "1"]
[SourceVersionDate "2010.11.26"]
[SourceQuality "1"]

1. c4 e6 2. g3 d5 3. Bg2 Nf6 4. Nf3 c6 5. b3 Nbd7 6. Bb2 Qb6 7. Qc2 Bd6 8. d3 0-0 9. Nbd2 e5 10. 0-0 Re8 11. e3 Qd8 12. Rad1 h6 13. a3 Nf8 14. Nh4 g5 15. Nhf3 Bg4 16. Rc1 Rc8 17. Qb1 Be7 18. Qa1 Ng6 19. b4 Qd7 20. cxd5 cxd5 21. Rxc8 Qxc8 22. Rc1 Qe6 23. Rc2 Bh3 24. Qf1 Bxg2 25. Qxg2 Nd7 26. Qf1 g4 27. Ne1 f5 28. f3 f4 29. e4 fxg3 30. hxg3 Rf8 31. Qg2 Nf6 32. Nf1 d4 33. Nd2 gxf3 34. Nexf3 Ng4 35. Nf1 Qf6 36. N3h2 Nxh2 37. Nxh2 Qe6 38. Rf2 1/2-1/2

[Event "Leverkusen-ch op"]
[Site "Leverkusen"]
[Date "2010.03.08"]
[Round "4"]
[White "Axmann, Michael"]
[Black "Bender, Jakob"]
[Result "1-0"]
[WhiteElo "1675"]
[BlackElo "1446"]
[PlyCount "67"]
[EventDate "2010.01.18"]
[EventType "swiss"]
[EventRounds "7"]
[EventCountry "GER"]
[SourceTitle "EXT 2011"]
[Source "ChessBase"]
[SourceDate "2010.11.26"]
[SourceVersion "1"]
[SourceVersionDate "2010.11.26"]
[SourceQuality "1"]

1. d4 Nf6 2. Nf3 d5 3. Bg5 Nbd7 4. e3 Ne4 5. Bf4 h6 6. Nbd2 Ndf6 7. Bd3 Bg4 8. c3 Nh5 9. Nxe4 Nxf4 10. exf4 dxe4 11. Bxe4 Qd6 12. g3 c6 13. 0-0 f5 14. Bd3 g5 15. Be2 Qd5 16. Ne5 Bh3 17. Bf3 Qb5 18. Bh5+ Kd8 19. Re1 Rg8 20. fxg5 Rxg5 21. Nf7+ Kc7 22. Nxg5 hxg5 23. Qe2 Qd5 24. Qe5+ Kd7 25. Qxd5+ cxd5 26. Bf7 Bh6 27. Re5 Rf8 28. Bxd5 f4 29. Rae1 fxg3 30. hxg3 Kd6 31. Bxb7 Rb8 32. Rb5 Bc8 33. Rd5+ Kc7 34. Rxe7+ 1-0

[Event "Leverkusen-ch op"]
[Site "Leverkusen"]
[Date "2009.04.20"]
[Round "7"]
[White "Reinemer, Frank"]
[Black "Axmann, Michael"]
[Result "1-0"]
[WhiteElo "2151"]
[BlackElo "1687"]
[PlyCount "60"]
[EventDate "2009.01.12"]
[EventType "swiss"]
[EventRounds "7"]
[EventCountry "GER"]
[SourceTitle "EXT 2010"]
[Source "ChessBase"]
[SourceDate "2010.11.25"]
[SourceVersion "1"]
[SourceVersionDate "2010.11.25"]
[SourceQuality "1"]

1. d4 d5 2. c4 e6 3. Nc3 Nf6 4. cxd5 exd5 5. Bg5 c6 6. Qc2 Nbd7 7. e3 h6 8. Bf4 Be7 9. Bd3 0-0 10. h3 Bb4 11. Nge2 Re8 12. 0-0-0 Qe7 13. Ng3 Nf8 14. Be5 a5 15. Na4 b5 16. Nb6 Ra6 17. Nxc8 Rxc8 18. a3 Bxa3 19. bxa3 Qxa3+ 20. Qb2 Qxb2+ 21. Kxb2 N8d7 22. Nf5 Kh8 23. Rc1 c5 24. Nd6 Rf8 25. Bxb5 Ra7 26. Bxf6 Nxf6 27. dxc5 Rb8 28. Ka3 Ne4 29. Nxe4 Rxb5 30. Nd6 Rb4 1-0

[Event "Leverkusen-ch op"]
[Site "Leverkusen"]
[Date "2009.01.12"]
[Round "1"]
[White "Axmann, Michael"]
[Black "Wolfradt, Dirk"]
[Result "0-1"]
[WhiteElo "1687"]
[BlackElo "2078"]
[PlyCount "58"]
[EventDate "2009.01.12"]
[EventType "swiss"]
[EventRounds "7"]
[EventCountry "GER"]
[SourceTitle "EXT 2010"]
[Source "ChessBase"]
[SourceDate "2010.11.25"]
[SourceVersion "1"]
[SourceVersionDate "2010.11.25"]
[SourceQuality "1"]

1. d4 Nf6 2. Nd2 d5 3. f4 Bf5 4. Ngf3 Nc6 5. c3 e6 6. e3 a6 7. Ne5 Nxe5 8. fxe5 Ne4 9. Nf3 Be7 10. g3 0-0 11. Bg2 c5 12. 0-0 b5 13. Nd2 Nxd2 14. Bxd2 b4 15. Qe1 Rb8 16. e4 bxc3 17. bxc3 dxe4 18. Bxe4 Bh3 19. Be3 Bxf1 20. Qxf1 Qa5 21. Qd3 g6 22. Bh6 Rfd8 23. d5 exd5 24. Bxd5 c4 25. Bxf7+ Kxf7 26. Rf1+ Kg8 27. Qe2 Qd5 28. h4 Bc5+ 29. Kh2 Qd3 0-1

[Event "Leverkusen-ch op"]
[Site "Leverkusen"]
[Date "2007.01.08"]
[Round "1"]
[White "Mladenov, Svetlin"]
[Black "Axmann, Michael"]
[Result "1-0"]
[WhiteElo "2308"]
[BlackElo "1742"]
[PlyCount "49"]
[EventDate "2007.01.08"]
[EventType "swiss"]
[EventRounds "7"]
[EventCountry "GER"]
[SourceTitle "EXT 2008"]
[Source "ChessBase"]
[SourceDate "2007.11.25"]
[SourceVersion "1"]
[SourceVersionDate "2007.11.25"]
[SourceQuality "1"]

1. e4 e6 2. d4 d5 3. Nc3 Bb4 4. e5 Ne7 5. Qg4 Kf8 6. a3 Ba5 7. Nf3 Nd7 8. b4 Bb6 9. Bd3 a5 10. Rb1 c6 11. 0-0 axb4 12. axb4 f5 13. exf6 Nxf6 14. Qh4 Qe8 15. Bg5 Neg8 16. Ra1 Rxa1 17. Rxa1 Bc7 18. Ne5 Bxe5 19. dxe5 Nh5 20. Ra8 h6 21. Be3 g5 22. Qg4 Ne7 23. Na4 Kg7 24. Be2 d4 25. Bd2 1-0

[Event "Leverkusen-ch op"]
[Site "Leverkusen"]
[Date "2005.04.04"]
[Round "8"]
[White "Ruland, Wolfgang"]
[Black "Axmann, Michael"]
[Result "0-1"]
[WhiteElo "1561"]
[BlackElo "1669"]
[PlyCount "100"]
[EventDate "2005.01.10"]
[EventType "swiss"]
[EventRounds "9"]
[EventCountry "GER"]
[SourceTitle "EXT 2006"]
[Source "ChessBase"]
[SourceDate "2005.11.24"]
[SourceVersion "1"]
[SourceVersionDate "2005.11.24"]
[SourceQuality "1"]

1. e4 e6 2. d3 d5 3. Nd2 c5 4. Ngf3 Nc6 5. g3 Bd6 6. Bg2 Nf6 7. 0-0 0-0 8. Qe2 Qc7 9. Re1 e5 10. exd5 Nxd5 11. Ne4 Bg4 12. h3 Nd4 13. Qd1 Bxf3 14. Bxf3 Rad8 15. Bg2 b5 16. Be3 Kh8 17. Nxd6 Qxd6 18. Bxd4 cxd4 19. Qd2 f5 20. Qa5 Nb4 21. Re2 Rb8 22. a3 Na6 23. Rae1 e4 24. dxe4 f4 25. e5 Qe6 26. gxf4 Rxf4 27. Qd2 Rbf8 28. Qd3 Nc7 29. Qg3 h6 30. h4 Rg4 31. Qh3 Qg6 32. Re4 Rxe4 33. Rxe4 Ne6 34. Qg4 Qf7 35. Re2 Nf4 36. Rd2 h5 37. Qf3 Qc4 38. b3 Qc5 39. Qe4 Qc3 40. Rd1 d3 41. cxd3 Qxb3 42. Qb4 Qxd1+ 43. Kh2 Ng6 44. e6 Qe2 45. Qc5 Rxf2 46. Qd5 Nf4 47. Qa8+ Kh7 48. Qe4+ Qxe4 49. dxe4 Rxg2+ 50. Kh1 Rg6 0-1